000 01016nam a2200277 a 4500
001 000028531
003 DO-SdBPM
005 20250731093208.0
007 ta
008 110411s2003 dr 000 0 spa d
040 _aDO-SdBPM
_bspa
_cBPMSU
_drda
082 4 _a923.77295
_bH831ce 2003
_222
100 1 _aJiménez, Élida
_eautora
245 1 0 _aCentenario del fallecimiento de Eugenio María de Hostos :
_bobra educativa/
_cÉlida Jiménez, Evarista Matía de Rodriguez
264 _aSanto Domingo :
_bUniversidad Autonóma de Santo Domingo,
_c2003.
300 _a40 páginas . ;
_c21 cm.
336 _atexto
_btxt
_2rdacontent
337 _asin mediación
_bn
_2rdamedia
338 _avolumen
_bnc
_2rdacarrier
590 _aInventariado, 2025/VM
600 1 4 _aHostos y Bonilla, Eugenio Mraría de,
_d1839-1903
_xCentenario
_xHomenajes.
700 1 _aEvarista Matía de Rodriguez
_eautora
700 1 _aPorfirio García Fernández
_eprólogo
910 _aVMateo V. Control de calidad. BPMSU
942 _2ddc
_cBK
999 _c15298
_d15298